Normal view
MARC view
Entry Personal Name
001 - CONTROL NUMBER
- control field: 83521
003 - CONTROL NUMBER IDENTIFIER
- control field: OSt
005 - DATE AND TIME OF LATEST TRANSACTION
- control field: 20230405144333.0
008 - FIXED-LENGTH DATA ELEMENTS
- fixed length control field: 230405|| aca||aabn | a|a d
040 ## - CATALOGING SOURCE
- Original cataloging agency: OSt
- Transcribing agency: OSt
100 ## - HEADING--PERSONAL NAME
- Personal name: RAKESH (Raghubar)
670 ## - SOURCE DATA FOUND
- Source citation: Work cat.: (OSt)169162: RAKESH (Raghubar), Upkars UGC NET JRF SET labour welfare and industrial relations labour and social welfare human resource management: paper II, 2018